<?xml version="1.0" encoding="UTF-8"?>
<record
    xmlns:xsi="http://www.w3.org/2001/XMLSchema-instance"
    xsi:schemaLocation="http://www.loc.gov/MARC21/slim http://www.loc.gov/standards/marcxml/schema/MARC21slim.xsd"
    xmlns="http://www.loc.gov/MARC21/slim">

  <leader>00463nam a22001937i 4500</leader>
  <controlfield tag="001">362</controlfield>
  <controlfield tag="003">OSt</controlfield>
  <controlfield tag="005">20170126082242.0</controlfield>
  <controlfield tag="007">tu</controlfield>
  <controlfield tag="008">161220s1986    xxu||||| |||| 00| 0     d</controlfield>
  <datafield tag="024" ind1="7" ind2=" ">
    <subfield code="a">361</subfield>
    <subfield code="2">RID</subfield>
  </datafield>
  <datafield tag="040" ind1=" " ind2=" ">
    <subfield code="c">OSt</subfield>
  </datafield>
  <datafield tag="084" ind1=" " ind2=" ">
    <subfield code="a">7.4</subfield>
    <subfield code="a">8.3</subfield>
    <subfield code="2">z</subfield>
  </datafield>
  <datafield tag="100" ind1="1" ind2=" ">
    <subfield code="a">Dadajan, V.S.</subfield>
  </datafield>
  <datafield tag="242" ind1="0" ind2="0">
    <subfield code="a">Makro&#xF6;konomische Modelle</subfield>
  </datafield>
  <datafield tag="245" ind1="0" ind2="0">
    <subfield code="a">Makroekonomicke modely</subfield>
  </datafield>
  <datafield tag="260" ind1=" " ind2=" ">
    <subfield code="a">Praha :</subfield>
    <subfield code="b">Ekonomicke vedy v socialistickych zemich,</subfield>
    <subfield code="c">1986.</subfield>
  </datafield>
  <datafield tag="300" ind1=" " ind2=" ">
    <subfield code="a">190 S. ;</subfield>
    <subfield code="c">21cm.</subfield>
  </datafield>
  <datafield tag="942" ind1=" " ind2=" ">
    <subfield code="c">B</subfield>
  </datafield>
  <datafield tag="999" ind1=" " ind2=" ">
    <subfield code="c">357</subfield>
    <subfield code="d">357</subfield>
  </datafield>
  <datafield tag="952" ind1=" " ind2=" ">
    <subfield code="0">0</subfield>
    <subfield code="1">0</subfield>
    <subfield code="4">0</subfield>
    <subfield code="7">0</subfield>
    <subfield code="a">BIB</subfield>
    <subfield code="b">BIB</subfield>
    <subfield code="c">2</subfield>
    <subfield code="d">1992-06-17</subfield>
    <subfield code="i">362</subfield>
    <subfield code="l">0</subfield>
    <subfield code="o">I-696/1-86</subfield>
    <subfield code="p">300360</subfield>
    <subfield code="r">2017-01-26 00:00:00</subfield>
    <subfield code="w">2017-01-26</subfield>
    <subfield code="y">B</subfield>
  </datafield>
</record>
